Clinical neurology of the horse / (Record no. 1594)
[ view plain ]
| 000 -LEADER | |
|---|---|
| fixed length control field | 00495cam0a220015700 4500 |
| 005 - DATE AND TIME OF LATEST TRANSACTION | |
| control field | 20190809113703.0 |
| 008 - FIXED-LENGTH DATA ELEMENTS--GENERAL INFORMATION | |
| fixed length control field | 980604 |
| 035 ## - SYSTEM CONTROL NUMBER | |
| System control number | (Sirsi) a141599 |
| 050 #0 - LIBRARY OF CONGRESS CALL NUMBER | |
| Classification number | SF895 Roo 1971 |
| 100 1# - MAIN ENTRY--PERSONAL NAME | |
| Personal name | Rooney, James R. |
| Linkage | A57072.1 |
| 245 10 - TITLE STATEMENT | |
| Title | Clinical neurology of the horse / |
| Statement of responsibility, etc. | James R. Rooney. |
| 260 ## - PUBLICATION, DISTRIBUTION, ETC. | |
| Place of publication, distribution, etc. | Pennysylvania : |
| Name of publisher, distributor, etc. | University of Pennsylvania, |
| Date of publication, distribution, etc. | 1971. |
| 350 ## - PRICE (NR) (BK AM CF MU VM SE) [OBSOLETE] | |
| Price | 25 |
| 504 ## - BIBLIOGRAPHY, ETC. NOTE | |
| Bibliography, etc. note | Bibliographical references and index |
| 650 #0 - SUBJECT ADDED ENTRY--TOPICAL TERM | |
| Topical term or geographic name entry element | Veterinary neurology |
| Linkage | S4989.1 |
| Withdrawn status | Lost status | Source of classification or shelving scheme | Damaged status | Not for loan | Home library | Current library | Shelving location | Total Checkouts | Full call number | Barcode | Date last seen | Copy number | Price effective from | Koha item type |
|---|---|---|---|---|---|---|---|---|---|---|---|---|---|---|
| Library of Congress Classification | Vet Medicine Library | Vet Medicine Library | On Shelf | SF 895 ROO 1971 | 141599-2001 | 08/09/2019 | 1 | 08/09/2019 | Book |